| 000 | 00671nam a2200205 i 4500 | ||
|---|---|---|---|
| 001 | 170817 | ||
| 003 | ES-MaACL | ||
| 005 | 20230906214452.0 | ||
| 008 | 090407s1933 fr |||| | fre d | ||
| 080 | _a782.1 | ||
| 100 | 0 |
_aScribe, Eugène. _9104966 |
|
| 245 | 1 | 2 |
_aL'Africaine _b: opéra en cinq actes / _cEugène Scribe ; musique de Meyerbeer. |
| 260 |
_aParis : _bStock, _c1933. |
||
| 300 |
_a83 p. ; _c19 cm. |
||
| 596 | _aFecha de publ. tomada de cub. | ||
| 596 | _aFecha en port.: 1924. | ||
| 650 | 4 |
_aÓperas- _vLibretos. _9137584 |
|
| 700 | 1 |
_aMeyerbeer, Giacomo. _980809 |
|
| 852 | 4 |
_aES-MaACL _jE-12548 _9R.140154 _z. - Biblioteca Jacinto Martínez Lacalle |
|
| 999 |
_c170817 _d170817 |
||